Detalles MARC
| 000 -CABECERA |
| campo de control de longitud fija |
01567nam a2200301 u 4500 |
| 001 - NÚMERO DE CONTROL |
| campo de control |
000004824 |
| 005 - FECHA Y HORA DE LA ÚLTIMA TRANSACCIÓN |
| campo de control |
20240308073617.0 |
| 008 - DATOS DE LONGITUD FIJA--INFORMACIÓN GENERAL |
| campo de control de longitud fija |
090727s2002 dr 000 p spa d |
| 020 ## - NÚMERO INTERNACIONAL ESTÁNDAR DEL LIBRO |
| Número Internacional Estándar del Libro |
9993442135 |
| 040 ## - FUENTE DE LA CATALOGACIÓN |
| Centro catalogador/agencia de origen |
DO-SdBNP |
| Lengua de catalogación |
spa |
| Centro/agencia transcriptor |
BNPHU |
| 082 ## - NÚMERO DE LA CLASIFICACIÓN DECIMAL DEWEY |
| Número de clasificación |
V861.42 |
| Número de documento/Ítem |
R175L |
| 100 1# - ENTRADA PRINCIPAL--NOMBRE DE PERSONA |
| Nombre de persona |
Ramos Sucré José Antonio, |
| Fechas asociadas al nombre |
1890-1930 |
| 9 (RLIN) |
14006 |
| 245 14 - MENCIÓN DE TÍTULO |
| Título |
Las lenguas de la máscara : |
| Resto del título |
antología poética / |
| Mención de responsabilidad, etc. |
José Antonio Ramos Sucre ; introducción y selección Alexis Gómez Rosa ; edición Andrés Blanco Díaz ; presentación Carlos Esteban Deive. |
| 246 13 - FORMA VARIANTE DE TÍTULO |
| Título propio/Titulo breve |
Antología poética de José Antonio Ramos Sucre |
| 260 ## - PUBLICACIÓN, DISTRIBUCIÓN, ETC. |
| Lugar de publicación, distribución, etc. |
Santo Domingo : |
| Nombre del editor, distribuidor, etc. |
Comisión Permanente de la Feria del Libro, |
| Fecha de publicación, distribución, etc. |
2002. |
| 300 ## - DESCRIPCIÓN FÍSICA |
| Extensión |
261 p. ; |
| Dimensiones |
23 cm. |
| 500 ## - NOTA GENERAL |
| Nota general |
Incluye referencias bibliográficas y notas al pie de las páginas. |
| 504 ## - NOTA DE BIBLIOGRAFÍA, ETC. |
| Nota de bibliografía, etc. |
Bibliografía: p.259-261. |
| 505 0# - NOTA DE CONTENIDO CON FORMATO |
| Información miscelánea |
Presentación / |
| Mención de responsabilidad |
Carlos Esteban Deive -- |
| Título |
Sucre los ramos del vencido / |
| Mención de responsabilidad |
Alexis Gómez Rosa -- |
| Título |
Introducción / |
| Mención de responsabilidad |
Alexis Gómez Rosa -- |
| Título |
La torre del timón (1925) -- |
| -- |
El cielo de esmalte (1929) -- |
| -- |
Las formas del fuego (1929) -- |
| -- |
Granizada (1929) -- |
| Información miscelánea |
Cronología -- |
| -- |
Bibliografía. |
| 590 ## - NOTA LOCAL (RLIN) |
| Nota local |
Inventariado, 2018/VM |
| 650 #4 - PUNTO DE ACCESO ADICIONAL DE MATERIA--TÉRMINO DE MATERIA |
| Término de materia o nombre geográfico como elemento de entrada |
Poesía venezolana |
| 9 (RLIN) |
4230 |
| 650 #4 - PUNTO DE ACCESO ADICIONAL DE MATERIA--TÉRMINO DE MATERIA |
| Término de materia o nombre geográfico como elemento de entrada |
Literatura venezolana |
| 9 (RLIN) |
3816 |
| 700 1# - PUNTO DE ACCESO ADICIONAL--NOMBRE DE PERSONA |
| Nombre de persona |
Gómez Rosa, Alexis, |
| Fechas asociadas al nombre |
1950- |
| Término indicativo de función/relación |
introd. |
| 9 (RLIN) |
23501 |
| 700 1# - PUNTO DE ACCESO ADICIONAL--NOMBRE DE PERSONA |
| Nombre de persona |
Deive, Carlos Esteban, |
| Fechas asociadas al nombre |
1935-2019 |
| Término indicativo de función/relación |
present. |
| 9 (RLIN) |
1916 |
| 700 1# - PUNTO DE ACCESO ADICIONAL--NOMBRE DE PERSONA |
| Nombre de persona |
Díaz, Orlando, |
| Término indicativo de función/relación |
ed. |
| 9 (RLIN) |
14007 |
| 710 2# - PUNTO DE ACCESO ADICIONAL--NOMBRE DE ENTIDAD CORPORATIVA |
| Nombre de entidad corporativa o nombre de jurisdicción como elemento de entrada |
República Dominicana. |
| Unidad subordinada |
Comisión Permanente de la Feria del Libro. |
| 9 (RLIN) |
14008 |
| 910 ## - DATOS DE OPCIÓN DEL USUARIO (OCLC) |
| Datos de opción del usuario |
Validado. Control de calidad EMS. |